| 000 | 00416nam a2200169Ia 4500 | ||
|---|---|---|---|
| 008 | 221030s9999 xx 000 0 und d | ||
| 020 | _a0071004726 | ||
| 041 | _aEnglish | ||
| 082 |
_a105.23 _bHar |
||
| 100 | _aS. Harrington | ||
| 245 | 0 |
_aComputer Graphics : A Programming Approach _cby S. Harrington |
|
| 250 | _a2nd | ||
| 260 |
_bTMH _aNew Delhi _c1987 |
||
| 300 | _a466 | ||
| 650 | _aBE Computer | ||
| 942 | _cBK | ||
| 999 |
_c3387 _d3387 |
||